00362nam a2200133Ia 4500008004100000041000800041082001600049100001900065245005100084260005300135300002200188563000700210650001100217210707s1984 xx 000 0 und d aeng a582.13 COVW aCOVENTRY (B O) aWild flowers of Kashmir. Series I, II and III. aDehra DunbBishen Singh Mahendra Pal Singhc1984 axxiii,102,xxxii p aHB aBotany